Central Library OPAC University of Rajshahi

Art and child personality : (Record no. 29686)

MARC details
000 -LEADER
fixed length control field 00786cam a22002412a 4500
001 - CONTROL NUMBER
control field 29686
003 - CONTROL NUMBER IDENTIFIER
rucl marc code BD-RjUL
005 - DATE AND TIME OF LATEST TRANSACTION
control field 20211209051438.0
008 - FIXED-LENGTH DATA ELEMENTS--GENERAL INFORMATION
fixed length control field 140406s1948 en a 000 0 eng d
035 ## - SYSTEM CONTROL NUMBER
System control number OCLC ocm01702413 from D950616M
-- (BD-RjUL)29771
040 ## - CATALOGING SOURCE
Original cataloging agency DLC
Transcribing agency TJC
Modifying agency EQO
-- BD-RjUL
Language of cataloging eng
041 ## - LANGUAGE CODE
Language code of text/sound track or separate title eng
082 ## - DEWEY DECIMAL CLASSIFICATION NUMBER
Classification number 707
Author mark and year DUA 1948
100 1# - MAIN ENTRY--PERSONAL NAME
Personal name Dunnett, Ruth.
9 (RLIN) 90410
245 10 - TITLE STATEMENT
Title Art and child personality :
Remainder of title based on experience with the boys of Whiteacre Camp School, 1940-45 /
Statement of responsibility, etc. Ruth Dunnett.
260 ## - PUBLICATION, DISTRIBUTION, ETC. (IMPRINT)
Place of publication, distribution, etc. London :
Name of publisher, distributor, etc. Methuen,
Date of publication, distribution, etc. 1948.
300 ## - PHYSICAL DESCRIPTION
Pagination vii, 72 p. :
Illustrations illus. (part col.) ;
Size 22 cm.
490 1# - SERIES STATEMENT
Series statement Contributions to modern education
650 #0 - SUBJECT ADDED ENTRY--TOPICAL TERM
Topical term or geographic name as entry element Art
General subdivision Study and teaching
9 (RLIN) 51931
Topical term or geographic name as entry element Child artists
9 (RLIN) 90411
942 ## - ADDED ENTRY ELEMENTS (KOHA)
Source of classification or shelving scheme Dewey Decimal Classification
Koha item type Books
Holdings
Lost status Source of classification or shelving scheme Damaged status Not for loan Permanent Location Current Location Shelving location Date acquired Source of acquisition Cost, normal purchase price Total Checkouts Full call number Date last seen Copy number Koha item type
  Dewey Decimal Classification   Added to bundle Central Library, University of Rajshahi Central Library, University of Rajshahi Reading Room 10/01/1956 Mahammad Books 10.60   707 DUA 1948 06/04/2014 C-1 Books